<?xml version="1.0" encoding="UTF-8"?>
<collection xmlns="http://www.loc.gov/MARC21/slim">
 <record>
  <leader>     na                 </leader>
  <controlfield tag="001">INLIS000000000009520</controlfield>
  <controlfield tag="005">20221108102919</controlfield>
  <datafield tag="035" ind1=" " ind2=" ">
   <subfield code="a">0010-0520009520</subfield>
  </datafield>
  <controlfield tag="008">221108                |          | ind  </controlfield>
  <datafield tag="020" ind1=" " ind2=" ">
   <subfield code="a">9786021642474</subfield>
  </datafield>
  <datafield tag="041" ind1=" " ind2=" ">
   <subfield code="a">ind</subfield>
  </datafield>
  <datafield tag="082" ind1=" " ind2=" ">
   <subfield code="a">345.59802323</subfield>
  </datafield>
  <datafield tag="084" ind1=" " ind2=" ">
   <subfield code="a">345.59802323 SUH k</subfield>
  </datafield>
  <datafield tag="100" ind1="0" ind2=" ">
   <subfield code="a">Suhendar</subfield>
  </datafield>
  <datafield tag="245" ind1="1" ind2=" ">
   <subfield code="a">Konsep Kerugian Uang Negara :</subfield>
   <subfield code="b">Pendekatan Hukum Pidana, Hukum Administrasi Negara, dan Pidana Khusus Korupsi /</subfield>
   <subfield code="c">Suhendar</subfield>
  </datafield>
  <datafield tag="250" ind1=" " ind2=" ">
   <subfield code="a">Cet. 1</subfield>
  </datafield>
  <datafield tag="260" ind1=" " ind2=" ">
   <subfield code="a">Malang :</subfield>
   <subfield code="b">Setara Press,</subfield>
   <subfield code="c">2015</subfield>
  </datafield>
  <datafield tag="300" ind1=" " ind2=" ">
   <subfield code="a">xii, 276 hlm.; 23 cm ;</subfield>
   <subfield code="c">23 cm</subfield>
  </datafield>
  <datafield tag="504" ind1=" " ind2=" ">
   <subfield code="a">hlm. 267-275</subfield>
  </datafield>
  <datafield tag="520" ind1=" " ind2=" ">
   <subfield code="a">Buku ini rekonstruksi ulang hasil penelitian tesis penulis dengan judul asli: Fungsi Laporan Hasil Pemeriksaaan Keuangan (LHP) Badan Pemeriksa Keuangan (BPK) dalam Penyidikan Tindak Pidana Korupsi: Kerugian Keuangan Negara. Buku ini merupakan potret kegelisahan penulis terhadap perilaku korupsi penyelenggara/pejabat negara yang terus berlangsung, baik paa pemerintahan pusat maupun daerah yang tentu saja berdampak pada gagalnya pencapaian tujuan nasional untuk mensejahterkan masyarakat.Hal ini akibat disorientasi dan penyalahgunaan sumber daya (keuangan) negara, sehingga hak sosial ekonomi masyarakat luas terampas secara otomatis. Korupsi dan keuangan negara berada dalam disiplin ilmu yang berbeda. Korupsi sebagai tindak pidana berpijak pada doktrin hukum pidana, sementara keuangan negara berpijak pada doktrin hukum administrasi negara yang sudah pasti diantara keduanya terdapat prinsip-prinsip yang berbeda, meski kemudian keduanya terintegrasi dalam tindak pidana korupsi: kerugian keuangan negara, sebagai salah satu kelompok tindak pidana korupsi berdasarkan UU Nmor 31/1999 jo. 20/2001. Oleh karenanya pemberantasan korupsi harus menggunakan sarana yang maksimal dan tidak hanya menitikberatkan kepada lembaga penegak hukum saja, melainkan juga diperlukan lembaga negara lain ang relevan, yaitu BPK, terutama terkait dengan kerugian negara.</subfield>
  </datafield>
  <datafield tag="650" ind1=" " ind2="4">
   <subfield code="a">Keuangan negara</subfield>
  </datafield>
  <datafield tag="650" ind1=" " ind2="4">
   <subfield code="a">Tindak pidana korupsi</subfield>
  </datafield>
  <datafield tag="990" ind1=" " ind2=" ">
   <subfield code="a">25468/MKRI-P/II-2017</subfield>
  </datafield>
  <datafield tag="990" ind1=" " ind2=" ">
   <subfield code="a">25470/MKRI-P/II-2017</subfield>
  </datafield>
  <datafield tag="990" ind1=" " ind2=" ">
   <subfield code="a">25471/MKRI-P/II-2017</subfield>
  </datafield>
  <datafield tag="990" ind1=" " ind2=" ">
   <subfield code="a">25469/MKRI-P/II2017</subfield>
  </datafield>
  <datafield tag="990" ind1=" " ind2=" ">
   <subfield code="a">25469/MKRI-P/II2017</subfield>
  </datafield>
  <datafield tag="990" ind1=" " ind2=" ">
   <subfield code="a">25468/MKRI-P/II-2017</subfield>
  </datafield>
  <datafield tag="990" ind1=" " ind2=" ">
   <subfield code="a">25470/MKRI-P/II-2017</subfield>
  </datafield>
  <datafield tag="990" ind1=" " ind2=" ">
   <subfield code="a">25471/MKRI-P/II-2017</subfield>
  </datafield>
 </record>
</collection>
